000 00653nam a2200241 i 4500
001 C2-0200228
003 PPAK
005 20180728100555.0
008 990206s1995 nyua|||| ||||| | eng d
020 _a0684803968
040 _aPPAK
_beng
_cPPAK
_erda
082 0 4 _a823
_2 23
090 0 0 _a823
_bCLA
_dG
100 1 _aClark, Mary Higgins,
_eauthor
245 1 0 _aLet me call you sweetheart
264 1 _aNew York :
_bSimon & Schuster ,
_c1995
300 _a319 pages :
_billustrations ;
_c24 cm
336 _2rdacontent
_atext
337 _2rdamedia
_aunmediated
338 _2rdacarrier
_avolume
650 1 0 _aEnglish fiction
942 _ddc
_cB
999 _c156925
_d156925